Banderas de países fusionadas - Estadísticas

Estadísticas generales
  • Esta prueba ha sido intentada 7.299 veces
  • La puntuación promedio es 26 de 32
Estadísticas de respuestas
Pista Respuesta % Correcto
Canadá
100%
Francia
99%
Alemania
97%
Sudáfrica
95%
Turquía
94%
Corea del Sur
93%
Israel
93%
Cuba
90%
Estados Unidos
90%
Irán
90%
Macedonia del Norte
90%
Portugal
89%
Arabia Saudita
85%
Eslovaquia
85%
Bulgaria
84%
Líbano
83%
Argentina
81%
Sri Lanka
81%
Armenia
79%
Túnez
77%
Vietnam
77%
Angola
76%
Etiopía
75%
China
74%
Taiwán
73%
Pakistán
72%
Montenegro
69%
Bolivia
67%
Papúa Nueva Guinea
64%
Laos
62%
Mauritania
49%
Timor Oriental
45%
No se encontraron pruebas coincidentes
Distribución de puntuación
Porcentaje de gente con cada puntuación
Porcentaje por número respondido
Historial de tus puntuaciones
No has intentado esta prueba.